000 00634nam a2200241Ia 4500
003 OSt
005 20220925230400.0
006 a|||||r|||| 00| 0
007 ta
008 220923b |||||||| |||| 00| 0 eng d
020 _a1859849601
037 _cGeneral Book
040 _aRTL
_cRTL
_beng
041 _2eng
_aeng
082 _aY38, N6
100 _aBalakrishnan Gopal Ed.
_9123618
245 0 _aMapping the nation
260 _aLondon
_bVerso
_c1996
300 _avi,329p
_ccm.
650 _aNationalism Sociology
942 _hY38, N6
_cGB
_2CC
999 _c585319
_d585319